000 00602nam a2200181Ia 4500
001 22829
005 20260414150856.0
008 260414t1985||||xx |||||||||||||| ||spa||
041 _aESP
082 _a624.151
_bG33
100 _aGazetas, George
_eAUT
245 0 _aVibration problems in geotechnical engineering :
_bproceedings of a symposium sponsored by the Geotechnical Engineering Division in conjunction with the ASCE Convention in Detroit, Michigan, October 22, 1985
260 _c1985
300 _av, 303 páginas :
_c22 cm.
650 _a0
654 _aCIC
942 _cLIB
_dJUS
_fJUS
_2ddc
_n
999 _c22829
_d22829